000 01002nam a2200253Ia 4500
003 OSt
005 20220923224115.0
006 a|||||r|||| 00| 0
007 ta
008 220922b |||||||| |||| 00| 0 hin d
024 _a225,705
037 _cTextual
040 _aARTS
_cARTS
_bhin
041 _2hin
_ahin
082 _aV2:51xM90, P2
100 _aशास्त्री, देवव्रत; चतुर्वेदी, बनारसीदास, संपा.
_9167782
245 0 _aगणेशशंकर विद्यार्थी
246 _aGaṇeshashankar vidyārthī
260 _aनयी दिल्ली
_b आत्माराम एण्ड संस
_c2002
300 _a175पृ.
_ccm.
490 _aशहीद - ग्रंथ माला
942 _hV2:51xM90, P2
_cTEXL
_2CC
999 _c369287
_d369287